LIBRARY & INFORMATION CENTRE, KCAET, TAVANUR

ONLINE PUBLIC ACCESS CATALOGUE (OPAC)

Community organization in India / (Record no. 1633)

MARC details
000 -LEADER
fixed length control field 00414cam a2200169ua 4500
041 ## - LANGUAGE CODE
Language code of text/sound track or separate title eng
082 ## - DEWEY DECIMAL CLASSIFICATION NUMBER
Classification number 307
Item number GAN/CO
100 ## - MAIN ENTRY--AUTHOR NAME
Personal name Gangrade, K.D .
245 ## - TITLE STATEMENT
Title Community organization in India /
260 ## - PUBLICATION, DISTRIBUTION, ETC. (IMPRINT)
Place of publication Mumbai :
Name of publisher Popular Prakashan ,
Year of publication 1971.
300 ## - PHYSICAL DESCRIPTION
Number of Pages 197 ; .
942 ## - ADDED ENTRY ELEMENTS (KOHA)
Koha item type Books
Holdings
Withdrawn status Lost status Damaged status Home library Current library Date acquired Full call number Accession Number Koha item type
Withdrawn     KAUAET Sanskrit University 07/04/2012 307 13629 Books
free website counter